| 000 | 00403nam a2200169Ia 4500 | ||
|---|---|---|---|
| 999 |
_c3225 _d3225 |
||
| 020 | _a1-86197-466-3 | ||
| 082 | _aRR 330.03 BAN-; | ||
| 100 | _aBaxter, R.E. | ||
| 245 | 0 | _aDictionary of economics | |
| 260 |
_aLondon _bProfile Books _c2004 |
||
| 300 | _av, 410p. | ||
| 440 | _aThe Economist | ||
| 650 | _aEconomics - Dictionaries | ||
| 700 | _aDavis, Evan | ||
| 700 | _aBannock, Graham | ||
| 942 | _cBK | ||